| 000 | 00649nam a2200181Ia 4500 | ||
|---|---|---|---|
| 008 | 100920s9999 xx 000 0 und d | ||
| 082 |
_b107793 _a150 न 10 |
||
| 100 | _aमुळे ज्ञानेश्वर/नायकवडे वैशाली. | ||
| 245 | _aमनाच्या शिवारात. | ||
| 260 |
_bमाणिक प्रकाशन, कोल्हापूर. _c2010 |
||
| 300 |
_a128 _bसाधी |
||
| 365 | _b120 | ||
| 520 | _aशाउ. | ||
| 630 | _aमनाच्या शिवारात. | ||
| 650 | _aशाउ. | ||
| 730 | _aमनाच्या शिवारात. | ||
| 942 | _cBOOK | ||
| 999 |
_c748217 _d748214 |
||